00280nam a2200121Ia 4500008004100000100001700041245003000058260002600088300000700114650001300121942000700134999001700141190216s9999||||xx |||||||||||||| ||und|| aLarsanar N J 0aSalkathakalam Vol 1 To 10 bOriental Watchman Pub a80 aKathakal cBK c27082d27082